00377nam a2200145Ia 4500008004100000020001700041082001200058100001300070245003900083250001300122260002500135300001000160600003400170650002700204250827s9999 xx 000 0 und d a978111981191 a530 WAL aHalliday 0aFundamentals of Physics Volume One a12th ed. aUSbJhon Wileyc2022 a640p. aHumanity & Natural Sciences  aEngineering Technology